[Event "Hajduszoboszlo op 2nd"]
[Site "Hajduszoboszlo"]
[Date "2024.02.11"]
[Round "7"]
[White "Szoboszlai, Laszlo"]
[Black "Laszlo, Zoltan"]
[Result "0-1"]
[WhiteElo "1481"]
[BlackElo "1822"]
[PlyCount "80"]
[EventDate "2024.02.08"]
[EventType "swiss"]
[EventRounds "7"]
[EventCountry "HUN"]
[SourceTitle "EXT 2025"]
[Source "ChessBase"]
[SourceDate "2024.10.14"]
[SourceVersion "1"]
[SourceVersionDate "2024.10.14"]
[SourceQuality "1"]

1. d4 Nf6 2. Nc3 d5 3. Bg5 Bf5 4. Bd2 c5 5. e3 Nc6 6. Bb5 e6 7. Bxc6+ bxc6 8. dxc5 Bxc5 9. Nge2 e5 10. Ng3 Qd7 11. Nxf5 Qxf5 12. 0-0 0-0 13. Ne2 Rad8 14. Ng3 Qg6 15. c3 Rfe8 16. Qc1 h5 17. h3 h4 18. Ne2 Qd3 19. Qd1 Ne4 20. Bc1 Qxd1 21. Rxd1 f5 22. Rf1 g5 23. Kh2 g4 24. hxg4 fxg4 25. f3 Rf8 26. b4 Bb6 27. a4 a6 28. Ra2 Rd7 29. f4 Rh7 30. Re1 g3+ 31. Kg1 exf4 32. Nd4 Bxd4 33. cxd4 f3 34. gxf3 Rxf3 35. Rf1 Rxf1+ 36. Kxf1 h3 37. Kg1 h2+ 38. Kh1 Nf2+ 39. Kg2 h1Q+ 40. Kxg3 Ne4+ 0-1

[Event "HUN-chT 1516 BAZ I Borbely"]
[Site "Hungary"]
[Date "2016.01.10"]
[Round "3"]
[White "Laszlo, Zoltan"]
[Black "Turay, Gabor"]
[Result "1-0"]
[WhiteElo "2004"]
[BlackElo "1802"]
[PlyCount "59"]
[EventDate "2015.10.11"]
[EventType "team-tourn"]
[EventRounds "7"]
[EventCountry "HUN"]
[SourceTitle "EXT 2025"]
[Source "ChessBase"]
[SourceDate "2024.10.14"]
[SourceVersion "1"]
[SourceVersionDate "2024.10.14"]
[SourceQuality "1"]
[WhiteTeam "DVTK EMSE II"]
[BlackTeam "Edelenyi VSE II"]
[WhiteTeamCountry "HUN"]
[BlackTeamCountry "HUN"]

1. e4 c5 2. Nf3 e6 3. c3 Nf6 4. e5 Nd5 5. d4 cxd4 6. cxd4 Nc6 7. Bc4 Nb6 8. Bb3 Qc7 9. Nc3 a6 10. 0-0 d6 11. Re1 dxe5 12. dxe5 Be7 13. Bf4 0-0 14. Rc1 Rd8 15. Qe2 Nd5 16. Qe4 Nxc3 17. Rxc3 Qa5 18. Bc2 g6 19. a3 Bd7 20. Ng5 Bf8 21. Rh3 Bg7 22. Nxh7 Ne7 23. Nf6+ Kf8 24. b4 Qc7 25. Bh6 Nf5 26. Bxg7+ Kxg7 27. Rh7+ Kf8 28. g4 Bc6 29. Qc4 Nd4 30. Qc5+ 1-0